Transactions:die casting sessions : Cast Expo´05 St.Louis,Missouri April 16-19
Gespeichert in:
| Format: | Buch |
|---|---|
| Sprache: | Englisch |
| Veröffentlicht: |
NADCA,
2005
|
| Schlagworte: | |
| Tags: |
Keine Tags, Fügen Sie das erste Tag hinzu!
|
MARC
| LEADER | 00000nam a22000003a 4500 | ||
|---|---|---|---|
| 001 | stu103418 | ||
| 005 | 20141122115433.0 | ||
| 008 | 060118s2005------------------------eng-d | ||
| 040 | |a STU |b slo | ||
| 041 | 0 | |a eng | |
| 080 | |a 621.74.011 | ||
| 245 | |a Transactions:die casting sessions : |b Cast Expo´05 St.Louis,Missouri April 16-19 | ||
| 260 | |b NADCA, |c 2005 | ||
| 300 | |a CD | ||
| 650 | 7 | |a kovové materiály |2 stusub | |
| 996 | |b 284J027984 |c CD/200 |l JJSK |s A |a 24 |w stu103418_0001 | ||